| 000 | 01788nam a2200505 c 4500 | ||
|---|---|---|---|
| 001 | 52659 | ||
| 003 | ES-MaCES | ||
| 005 | 20250203133240.0 | ||
| 007 | cr ||||||||||| | ||
| 008 | 230213s2022 sp ||| ||spa d | ||
| 017 |
_aNA 2028-2022 _bDL |
||
| 020 | _a9788411252690 | ||
| 020 | _a9788411252713 (electrónico) | ||
| 040 |
_aES-MaCES _bspa _cES-MaCES |
||
| 100 | 1 |
_940624 _aJiménez López, María de las Nieves |
|
| 245 | 1 | 3 |
_aEl ordenamiento jurídico español ante la ocupación ilícita de inmuebles _b: derechos comprometidos y tutela procesal _cMª de las Nieves Jiménez López ; pr. Arturo Álvarez Alarcón |
| 250 | _a1ª ed | ||
| 260 |
_aCizur Menor (Navarra) _bThomson Reuters-Aranzadi _c2022 |
||
| 300 |
_a197 p. _c24 cm |
||
| 490 | 1 | _a Aranzadi Derecho penal | |
| 500 | _aDisponible en formato electrónico mediante la aplicación PROVIEW | ||
| 500 | _aAnexo jurisprudencial: p. 195-197 | ||
| 504 | _aBibliografía: p. 187-193 | ||
| 541 | _cCompra | ||
| 650 | 4 |
_abienes inmuebles _931214 |
|
| 650 | 4 |
_avivienda _928598 |
|
| 650 | 4 |
_acolono usurpador _929420 |
|
| 650 | 4 |
_apersona sin hogar _930628 |
|
| 650 | 4 |
_anecesidades de vivienda _928600 |
|
| 650 | 4 |
_apráctica ilegal _930627 |
|
| 650 | 4 |
_adelito _927046 |
|
| 650 | 4 |
_aproblema social _927044 |
|
| 650 | 4 |
_amecanismo de control _929918 |
|
| 650 | 4 |
_aderecho civil _927156 |
|
| 650 | 4 |
_aderecho procesal _930896 |
|
| 650 | 4 |
_aderecho penal _927159 |
|
| 650 | 4 |
_aEspaña _926964 |
|
| 650 | 4 |
_arégimen jurídico _929894 |
|
| 653 | 1 | 0 | _aDerecho penal |
| 700 | 1 |
_96099 _aÁlvarez Alarcón, Arturo _epr. |
|
| 830 | 0 |
_aAranzadi Derecho penal _940530 |
|
| 856 | 4 |
_uhttps://miespacio.aranzadilaley.es/Account/Login _yLegalteca |
|
| 902 | _aLIB Libro | ||
| 942 |
_2CES _cBK _h6.0.8. |
||
| 999 |
_c52659 _d52659 |
||